Catálogo

Vista normal Vista MARC

Entrada Personal Name

Número de registros utilizados en: 1

001 - CONTROL NUMBER

  • control field: 14714

003 - CONTROL NUMBER IDENTIFIER

  • control field: Mx-PuUPA

005 - DATE AND TIME OF LATEST TRANSACTION

  • control field: 20230824124031.0

008 - FIXED-LENGTH DATA ELEMENTS

  • fixed length control field: 230824|| aca||aabn | a|a d

040 ## - CATALOGING SOURCE

  • Original cataloging agency: Mx-PuUPA
  • Language of cataloging: spa
  • Transcribing agency: Mx-PuUPA
  • Modifying agency: Mx-PuUPA
  • Description conventions: rda

100 1# - HEADING--PERSONAL NAME

  • Personal name: Sicilia Piñero, María,

373 ## - ASSOCIATED GROUP

  • Associated group: Universidad de Murcia

374 ## - OCCUPATION

  • Occupation: Autor
  • Occupation: Licenciada en Administración de Empresas

375 ## - GENDER

  • Gender: mujer

377 ## - ASSOCIATED LANGUAGE

  • Language code: spa

400 1# - SEE FROM TRACING--PERSONAL NAME

  • Personal name: Piñero, María Sicilia

670 ## - SOURCE DATA FOUND

  • Source citation: Marketing en redes sociales, 2022:
  • Information found: t. p. ( María Sicilia Piñero) portada